| 000 | 00542nam a22001457a 4500 | ||
|---|---|---|---|
| 003 | OSt | ||
| 005 | 20150908162843.0 | ||
| 008 | 150908b xxu||||| |||| 00| 0 eng d | ||
| 040 | _cRUA | ||
| 082 | _aRUA ហាវ 1993 BOOB Or.8 | ||
| 100 |
_9169 _aហាវ ផលសម្បត្តិ |
||
| 245 | _aបច្ចេកវិទ្យាសមស្របក្នុងផលិតកម្មស្រូវដែលប្រើប្រាស់ ដោយកសិករកម្ពុជា | ||
| 260 |
_app. _brua _c1993 |
||
| 942 |
_2ddc _cAGR |
||
| 999 |
_c150 _d150 |
||